00750nam a2200181 u 450000100100000000500170001000800410002702000150006804000250008308200160010824500950012426001400021930000210035949000390038050000730041970000370049283000390052900001912120200929165928.0100526s2004 es r 001 0 spa d a8400060466 aDO-SdBNPbspacBNPHU axxxxbE596m00aEnsayos de metodología histórica en el campo americanista /cFermín del Pino Díaz. aEspaña :bSociedad Superior de Investigaciones CientíficasbCentro de Estudios HistóricosbDepartamento de Historia de América. a178 p. ;c22 cm.1 aAnexos de revista de Indiasvno. 1 aIncluye referencias bibliográficas y notas al pie de las páginas1 aPino Díaz, Fermín delecoor. 0aAnexos de revista de Indiasvno. 1